| 000 | 00608nam a2200241Ia 4500 | ||
|---|---|---|---|
| 003 | OSt | ||
| 005 | 20221005070601.0 | ||
| 006 | a|||||r|||| 00| 0 | ||
| 007 | ta | ||
| 008 | 221004b |||||||| |||| 00| 0 eng d | ||
| 024 | _a69230 | ||
| 037 | _cTextual | ||
| 040 |
_aCRL _cCRL _beng |
||
| 041 |
_2eng _aeng |
||
| 082 | _aY:36.213, N5 | ||
| 100 |
_aSivapriyananda _9605786 |
||
| 245 | 0 | _aMysore royal dasara | |
| 260 |
_aNew Delhi _bAbhinav _c1995 |
||
| 300 |
_a161p. _ccm. |
||
| 650 | _aSOCIOLOGY | ||
| 942 |
_hY:36.213, N5 _cTEXL _2cc |
||
| 999 |
_c976478 _d976478 |
||